000 00357 a2200169 4500
001 175387
020 _a
040 _cMagnum
100 _aCastañeda, Luzia Aurelia
240 1 0 _aCaminhos da ciência
_lpor
245 1 0 _aCaminhos da ciência
300 _a39
362 0 _a1996
440 1 _aScipione
697 _aFILOSOFIA E TEORIA
942 _cBK
999 _c175387
_d175387